01147nam a2200157 a 4500008004100000020001500041041000800056100001800064245003400082250003700116260003400153300001100187500007000198505070600268655001500974180524e2005 ag ||||g |||| 00| f spa d a9875800546 aspa1 aSmith, Wilbur aAves de presa /bWilbur Smith a1a ed.bTraducción Edith Zilli aBuenos Aires:bBooket;c2005. a606 p. aSmith, W. (2005). Aves de presa. (1a ed.). Buenos Aires : Booket. aCorre el año 1667. La guerra naval entre Holanda e Inglaterra está en pleno apogeo y se libra en todos los mares. Sir Francis Courtney, junto a su hijo Hal, actúan como corsarios ingleses. Cerca del sur de África, atrapan un galeón de la Compañía Holandesa de las Indias Orientales cargado de especias, madera y oro. Entre los rehenes se encuentran un gobernador colonial holandés y su seductora esposa. Katinka, mujer sensual e intrigante que no se detendrá ante nada para acabar con los Courtney. La vívida descripción de cruentos combates en alta mar, un exótico viaje al Mar Rojo y los apasionados personajes hacen Aves de presta otra obra maestra de suspenso y aventuras.  aLiteratura